| 000 | 01152nam a22002897a 4500 | ||
|---|---|---|---|
| 005 | 20150708152655.0 | ||
| 008 | 150703b ck ||||fr|||| 00| 0 spa d | ||
| 040 |
_aCO-BoIAVH _cCO-BoIAVH |
||
| 041 | _aspa | ||
| 044 | _ack | ||
| 082 |
_a664.902 _bC82m3 |
||
| 100 | 1 |
_aCamargo-Sanabria, Ángela A. _935180 |
|
| 245 | 1 |
_aMetodos adecuados de sacrificio y faenado del chiguiro _bCartilla 4 |
|
| 260 |
_aBogotá: _bCorporinoquia, _c2006. |
||
| 260 |
_aBogotá: _bUniversidad Nacional de Colombia, _c2006. |
||
| 300 |
_a30 p. _bil., col., tab. _c27 cm. |
||
| 490 | _aRegistro y análisis de la información para el manejo sostenible de las poblaciones silvestres de chiguiros y sus hábitats en la Orinoquía colombiana | ||
| 500 | _aIncluye Glosario (Pag. 27-29). | ||
| 650 | 4 |
_aChiguiros _xSacrificio _zColombia _935382 |
|
| 650 | 4 |
_aChiguiros _xProtección Animal _zColombia _935383 |
|
| 650 | 4 |
_aChiguiros _xCaptura animal _zColombia _935384 |
|
| 700 | 1 |
_aGuzmán-Lenis, Angélica _935184 |
|
| 700 | 1 |
_aMesa-González, Elizabeth _935185 |
|
| 700 | 1 |
_aAtúesta-Diman, Natalia _935186 |
|
| 700 | 1 |
_aÁlvarez-Méndez, Oscar _935187 |
|
| 942 |
_2ddc _cLIBRO |
||
| 999 |
_c17519 _d17519 |
||